Pmp project management professional study guide / (Record no. 345940)
[ view plain ]
| 000 -LEADER | |
|---|---|
| fixed length control field | 01144 a2200229 4500 |
| 020 ## - INTERNATIONAL STANDARD BOOK NUMBER | |
| International Standard Book Number | 0072230622 |
| 020 ## - INTERNATIONAL STANDARD BOOK NUMBER | |
| International Standard Book Number | 9780072230628 |
| 082 04 - DEWEY DECIMAL CLASSIFICATION NUMBER | |
| Classification number | 658 |
| 090 ## - LOCALLY ASSIGNED LC-TYPE CALL NUMBER (OCLC); LOCAL CALL NUMBER (RLIN) | |
| -- | 3462 |
| -- | 3462 |
| 100 1# - MAIN ENTRY--PERSONAL NAME | |
| Personal name | Phillips, Joseph. |
| 245 10 - TITLE STATEMENT | |
| Title | Pmp project management professional study guide / |
| Statement of responsibility, etc. | Joseph Phillips. |
| 250 ## - EDITION STATEMENT | |
| Edition statement | 1st ed. |
| 260 ## - PUBLICATION, DISTRIBUTION, ETC. | |
| Place of publication, distribution, etc. | [S.l.] : |
| Name of publisher, distributor, etc. | McGraw-Hill Osborne Media, |
| Date of publication, distribution, etc. | 2003. |
| 300 ## - PHYSICAL DESCRIPTION | |
| Extent | 512 p. ; |
| Dimensions | 24 cm. |
| 490 1# - SERIES STATEMENT | |
| Series statement | Certification press. |
| 500 ## - GENERAL NOTE | |
| General note | Paperback. |
| 520 ## - SUMMARY, ETC. | |
| Summary, etc. | Get the book that shows you not only what to study, but how to study. The only classroom-based integrated study system for professional certification gives you complete coverage of all objectives for the PMP exam, hundreds of practice exam questions, and hands-on exercises. The CD-ROM features full practice exam software with interactive tutorials and lab simulations, plus an adaptive test engine. |
| 830 #0 - SERIES ADDED ENTRY--UNIFORM TITLE | |
| Uniform title | Certification press. |
| 856 40 - ELECTRONIC LOCATION AND ACCESS | |
| Materials specified | Amazon.com |
| Uniform Resource Identifier | <a href="http://www.amazon.com/exec/obidos/ASIN/0072230622/chopaconline-20">http://www.amazon.com/exec/obidos/ASIN/0072230622/chopaconline-20</a> |
| 856 40 - ELECTRONIC LOCATION AND ACCESS | |
| Materials specified | Amazon customer reviews |
| Uniform Resource Identifier | <a href="http://www.chopac.org/cgi-bin/tools/azrev.pl?q=0072230622">http://www.chopac.org/cgi-bin/tools/azrev.pl?q=0072230622</a> |
| 942 ## - ADDED ENTRY ELEMENTS (KOHA) | |
| Institution code [OBSOLETE] | NBS |
| Koha item type | Book |
| Call number prefix | 658.404 PHI |
| Withdrawn status | Lost status | Damaged status | Not for loan | Permanent Location | Current Location | Date acquired | Total Checkouts | Full call number | Barcode | Date last seen | Date last checked out | Price effective from | Koha item type |
|---|---|---|---|---|---|---|---|---|---|---|---|---|---|
| Central Library (CL) | Central Library (CL) | 08/28/2013 | 4 | 658.404 PHI | NBS7188 | 04/19/2022 | 01/27/2022 | 08/28/2013 | Book |
